000 00647nam a22002055i 4500
001 155030
003 ES-MaACL
005 20251003063135.0
008 991001s1882 fr |||| | fre d
040 _aCAM
_bspa
_cCAM
100 1 _aGuyot, Yves,
_d1843-1928
_961276
245 1 3 _aLa prostitution /
_cpar Yves Guyot.
260 _aParis :
_bG. Charpentier,
_c1882 (
_fA. Lahure)
300 _a[4], II, 596 p. ;
_c18 cm.
490 1 _aÉtudes de physiologie sociale
650 4 _aProstitución.
_916507
830 0 _aÉtudes de physiologie sociale
_9221531
852 _aES-MaACL
_jD-1445
_z-- Enc. hol.
999 _c155030
_d155030